LEADER 01003cam0-22003611i-4500 001 990000414710403321 005 20170116161328.0 035 $a000041471 035 $aFED01000041471 035 $a(Aleph)000041471FED01 035 $a000041471 100 $a20020821d1979----km-y0itay50------ba 101 0 $aita 102 $aIT 105 $ay-------001yy 200 1 $aAppunti dalle lezioni di architettura tecnica 210 $aNapoli$cCuen$d1979 215 $a94 p.$cill.$d23 cm 300 $aIn testa al front.: Università degli Studi di Napoli. Facoltà di Ingegneria 610 0 $aArchitettura tecnica 676 $a720.28 676 $a725 676 $a721 801 0$aIT$bUNINA$gRICA$2UNIMARC 901 $aBK 912 $a990000414710403321 952 $a08 C 206$b0/30$fDINED 952 $a08 C 207$b0/31$fDINED 952 $a13 A 55 18$b32144$fFINBC 959 $aDINED 959 $aFINBC 996 $aAPPUNTI dalle lezioni di architettura tecnica$9108731 997 $aUNINA LEADER 01510nam--2200361---450- 001 990001613850203316 005 20090519181125.0 010 $a88-387-2803-8 035 $a000161385 035 $aUSA01000161385 035 $a(ALEPH)000161385USA01 035 $a000161385 100 $a20040428d2003----km-y0enga50------ba 101 $aita 102 $aIT 200 1 $aSanzioni accessorie, misure amministrative ed atti atipici nel codice della strada$eaggiornato con la legge 168/2002$esanzioni accessorie personali, reali e sui veicoli, sospensione, ritiro e revoca della patente e della carta di circolazione, misure cautelari, sequestro, fermo amministrativo e confisca, diffide, ordini ed esecuzione coattiva, provvedimenti d'urgenza prefettizi e atti atipici, impugnazioni$fNicola Fabio De Feo 210 $aRimini$cMaggioli$dcopyr. 2003 215 $a281 p.$d24 cm 225 $aLegale$v31 410 $12001$aLegale$v31 606 $aSanzione amministrativa 606 $aCircolazione stradale$xInfrazioni 676 $a345.450247 700 1$aDE FEO,$bNicola Fabio$0542320 912 $a990001613850203316 951 $aXXVI.1.C 403 (IG XI 922)$b39845 G.$cXXVI.1.C 403 (IG XI)$d00132480 959 $aBK 969 $aGIU 979 $aMARIA$b10$c20040428$lUSA01$h1344 979 $aVITALE$b90$c20040709$lUSA01$h1445 979 $aRSIAV1$b90$c20090519$lUSA01$h1811 996 $aSanzioni accessorie, misure amministrative ed atti atipici nel codice della strada$9944671 997 $aUNISA